[Event "Oberliga Ost-A 2122"]
[Site "Germany"]
[Date "2022.06.18"]
[Round "4.7"]
[White "Markus, Nico"]
[Black "Salewski, Bernd"]
[Result "1/2-1/2"]
[WhiteElo "1707"]
[BlackElo "1964"]
[PlyCount "151"]
[EventDate "2021.10.10"]
[EventType "team-tourn"]
[EventRounds "11"]
[EventCountry "GER"]
[SourceTitle "EXT 2023"]
[Source "ChessBase"]
[SourceDate "2022.10.05"]
[SourceVersion "1"]
[SourceVersionDate "2022.10.05"]
[SourceQuality "1"]
[WhiteTeam "Sangerhausen"]
[BlackTeam "Dresden Gruen Weiss"]
[WhiteTeamCountry "GER"]
[BlackTeamCountry "GER"]

1. e4 e6 2. d4 d5 3. Nd2 Nf6 4. Bd3 c5 5. e5 Nfd7 6. c3 Nc6 7. Ne2 cxd4 8. cxd4 f6 9. exf6 Nxf6 10. 0-0 Bd6 11. Nf3 0-0 12. Bg5 Qc7 13. h3 e5 14. dxe5 Nxe5 15. Nxe5 Bxe5 16. Rc1 Qf7 17. b3 Ne4 18. Bxe4 dxe4 19. Ng3 Be6 20. Qe2 Qg6 21. Be3 Bxg3 22. fxg3 Rxf1+ 23. Rxf1 Qxg3 24. Bf4 Qg6 25. Qe3 Bd5 26. Rd1 Bc6 27. Rd6 Qf7 28. Qd2 Rf8 29. Rd8 h6 30. Rxf8+ Qxf8 31. Be3 a6 32. Qf2 Qd8 33. Bc5 Qb8 34. Qe3 Qe5 35. Qd4 Qe8 36. Kh2 Kh7 37. Qe3 Qe5+ 38. g3 Qe6 39. h4 Bd7 40. Bd4 Qh3+ 41. Kg1 Qg4 42. a3 Qg6 43. b4 Qg4 44. Kf2 Bb5 45. Bc3 Bd3 46. Kg2 Be2 47. Kf2 Bf3 48. Qd4 Bd1 49. Qe3 Bc2 50. Qf4 Qg6 51. Qe5 Bd3 52. Qf4 Qe6 53. Ke3 Qb6+ 54. Bd4 Qg6 55. g4 h5 56. gxh5 Qxh5 57. Qf2 Qg4 58. Bc3 Kg8 59. Bd4 Qc8 60. Bc5 Qd8 61. Qg3 Bb1 62. Bd4 Qf8 63. Qg4 Qf7 64. Qc8+ Kh7 65. Qg4 Qb3+ 66. Kf4 Qf7+ 67. Ke3 Qg6 68. Qxg6+ Kxg6 69. Kf4 Kh6 70. a4 Bd3 71. a5 g6 72. Bc5 Kg7 73. Ke3 Kf6 74. Bf8 Kf5 75. Be7 Ke5 76. Bc5 1/2-1/2

[Event "Oberliga Ost-A 2122"]
[Site "Germany"]
[Date "2022.05.07"]
[Round "9.8"]
[White "Halas, Julia"]
[Black "Salewski, Bernd"]
[Result "0-1"]
[WhiteElo "2024"]
[BlackElo "1964"]
[PlyCount "144"]
[EventDate "2021.10.10"]
[EventType "team-tourn"]
[EventRounds "11"]
[EventCountry "GER"]
[SourceTitle "EXT 2023"]
[Source "ChessBase"]
[SourceDate "2022.10.05"]
[SourceVersion "1"]
[SourceVersionDate "2022.10.05"]
[SourceQuality "1"]
[WhiteTeam "Leipzig SG"]
[BlackTeam "Dresden Gruen Weiss"]
[WhiteTeamCountry "GER"]
[BlackTeamCountry "GER"]

1. d4 e6 2. c4 f5 3. g3 Nf6 4. Bg2 d5 5. Nc3 c6 6. Nh3 Be7 7. 0-0 0-0 8. b3 Qe8 9. f3 Bb4 10. Bb2 Qh5 11. Nf2 Nbd7 12. e4 dxc4 13. bxc4 Rd8 14. Qb3 Bf8 15. e5 Ne8 16. Nd3 Nc7 17. Rad1 Qf7 18. Rfe1 Nb6 19. Nf4 g5 20. Nh3 h6 21. f4 g4 22. Nf2 Qe7 23. a3 Rb8 24. Qa2 Kf7 25. Rd2 Bd7 26. Red1 Be8 27. Bf1 h5 28. a4 a5 29. Qb1 Bd7 30. Qc2 Qb4 31. Nd3 Qe7 32. Nc5 Na6 33. Nxa6 bxa6 34. Rb1 Bc8 35. Bc1 Qc7 36. Qa2 Bb4 37. Qc2 Bxc3 38. Qxc3 Nxa4 39. Qa1 Rxb1 40. Qxb1 Nc3 41. Qc2 Ne4 42. Rd1 Bb7 43. c5 Qd7 44. Bb2 h4 45. Bd3 Qd5 46. Bc4 Qd7 47. Bd3 Qd5 48. Bxe4 fxe4 49. Re1 hxg3 50. hxg3 Rh8 51. Re3 Kg6 52. Qxe4+ Qxe4 53. Rxe4 a4 54. Bc3 a5 55. Re2 Rh3 56. Be1 Ba6 57. Ra2 Bb5 58. Kg2 Kf5 59. Ra3 Ke4 60. Bf2 Kd5 61. Rc3 Bc4 62. Ra3 Bb3 63. Ra1 Kc4 64. Rc1+ Kd3 65. Bg1 a3 66. Ra1 a2 67. Rc1 Kd2 68. Ra1 Bd5+ 69. Kf2 Kc2 70. Re1 Bc4 71. Kg2 Kb2 72. d5 Bxd5+ 0-1

[Event "Palma de Mallorca op"]
[Site "Palma de Mallorca"]
[Date "2021.11.28"]
[Round "7"]
[White "Ruiz Vinals, Matias"]
[Black "Salewski, Bernd"]
[Result "1-0"]
[WhiteElo "1928"]
[BlackElo "1983"]
[PlyCount "53"]
[EventDate "2021.11.22"]
[EventType "swiss"]
[EventRounds "7"]
[EventCountry "ESP"]
[SourceTitle "CBM 205 Extra"]
[Source "ChessBase"]
[SourceDate "2022.01.31"]
[SourceVersion "1"]
[SourceVersionDate "2022.01.31"]
[SourceQuality "1"]

1. d4 e6 2. c4 f5 3. g3 Nf6 4. Bg2 d5 5. Nf3 Bb4+ 6. Bd2 Be7 7. 0-0 0-0 8. Bf4 c6 9. Ne5 Nbd7 10. Nd2 Nxe5 11. dxe5 Nd7 12. h4 a5 13. Qc2 a4 14. Nf3 Qa5 15. Nd4 Nb6 16. cxd5 Nxd5 17. Bd2 Qb6 18. e3 Bd7 19. Rab1 c5 20. Ne2 Bc6 21. e4 Nb4 22. Bxb4 Qxb4 23. Nc3 f4 24. Bh3 Bd7 25. gxf4 Rxf4 26. Qd2 Bxh4 27. Qxf4 1-0

[Event "Palma de Mallorca op"]
[Site "Palma de Mallorca"]
[Date "2021.11.27"]
[Round "6"]
[White "Salewski, Bernd"]
[Black "Hoffmann, Max"]
[Result "1/2-1/2"]
[WhiteElo "1983"]
[BlackElo "2120"]
[PlyCount "33"]
[EventDate "2021.11.22"]
[EventType "swiss"]
[EventRounds "7"]
[EventCountry "ESP"]
[SourceTitle "CBM 205 Extra"]
[Source "ChessBase"]
[SourceDate "2022.01.31"]
[SourceVersion "1"]
[SourceVersionDate "2022.01.31"]
[SourceQuality "1"]

1. d4 Nf6 2. Nc3 d5 3. Bg5 Nbd7 4. f3 e6 5. e4 dxe4 6. fxe4 h6 7. Bh4 Be7 8. e5 Nd5 9. Bxe7 Qxe7 10. Qd2 Nxc3 11. bxc3 b6 12. Nf3 Bb7 13. Be2 0-0 14. 0-0 c5 15. Qe3 Rac8 16. Bd3 Bd5 17. a4 1/2-1/2

[Event "Palma de Mallorca op"]
[Site "Palma de Mallorca"]
[Date "2021.11.25"]
[Round "4"]
[White "Salewski, Bernd"]
[Black "Dominguez Martinez, Nicolas"]
[Result "1/2-1/2"]
[WhiteElo "1983"]
[BlackElo "1545"]
[PlyCount "109"]
[EventDate "2021.11.22"]
[EventType "swiss"]
[EventRounds "7"]
[EventCountry "ESP"]
[SourceTitle "CBM 205 Extra"]
[Source "ChessBase"]
[SourceDate "2022.01.31"]
[SourceVersion "1"]
[SourceVersionDate "2022.01.31"]
[SourceQuality "1"]

1. d4 Nf6 2. Nc3 c5 3. d5 g6 4. e4 d6 5. Bb5+ Bd7 6. a4 Bg7 7. Bg5 a6 8. Bd3 Qb6 9. Qd2 c4 10. Bxc4 Qxb2 11. Rd1 b5 12. axb5 axb5 13. Bd3 b4 14. Nce2 Na6 15. Be3 Ng4 16. Nf3 Nxe3 17. Qxe3 Nc5 18. 0-0 Nxd3 19. Qxd3 0-0 20. Rb1 Qa3 21. Rb3 Qa4 22. Nfd4 Rfb8 23. Rfb1 Bb5 24. Nxb5 Qxb5 25. Qd2 Qc4 26. f3 Qc5+ 27. Kf1 Ra2 28. Rxb4 Rxb4 29. Qxb4 Qxc2 30. Qb8+ Bf8 31. Re1 f6 32. Qe8 Qa4 33. Qxa4 Rxa4 34. Nf4 f5 35. Ne6 fxe4 36. fxe4 Ra2 37. Rb1 Kf7 38. Rb8 Bh6 39. Rh8 Kf6 40. Rxh7 Be3 41. Rh3 Bb6 42. Rb3 Ba7 43. Rg3 Rf2+ 44. Ke1 Ra2 45. Kd1 Ke5 46. Rg4 Be3 47. h4 Ra4 48. Nf8 Rxe4 49. Nxg6+ Kxd5 50. Rxe4 Kxe4 51. Nxe7 d5 52. h5 Bg5 53. Ng6 Kf5 54. Ke2 Ke6 55. h6 1/2-1/2

[Event "Basel Special op"]
[Site "Basel"]
[Date "2021.07.18"]
[Round "3"]
[White "Salewski, Bernd"]
[Black "Schweizer, Simon"]
[Result "0-1"]
[WhiteElo "1980"]
[BlackElo "2142"]
[PlyCount "112"]
[EventDate "2021.07.17"]
[EventType "swiss"]
[EventRounds "6"]
[EventCountry "SUI"]
[SourceTitle "CBM 203 Extra"]
[Source "ChessBase"]
[SourceDate "2021.09.30"]
[SourceVersion "1"]
[SourceVersionDate "2021.09.30"]
[SourceQuality "1"]

1. d4 g6 2. Nc3 Bg7 3. e4 d6 4. Bg5 a6 5. h3 b5 6. Be2 Bb7 7. Bf3 c6 8. a3 Nd7 9. Nge2 Qc7 10. Qd3 Ngf6 11. h4 h5 12. Rh3 e5 13. Rd1 Nf8 14. d5 c5 15. g3 N8d7 16. Bg2 Nb6 17. b3 Bc8 18. Rh1 Bd7 19. Rf1 Ng4 20. f3 Nh6 21. Rh1 f5 22. Bh3 0-0 23. Qd2 Kh7 24. Bg2 b4 25. Nb1 fxe4 26. fxe4 a5 27. a4 c4 28. Rf1 Ng4 29. Rf3 Qc5 30. Be3 Nxe3 31. Qxe3 Qxe3 32. Rxe3 Bg4 33. bxc4 Nxc4 34. Rb3 Bh6 35. Rdd3 Rf6 36. c3 Ne3 37. Rxe3 Bxe3 38. cxb4 Bf2+ 39. Kd2 axb4 40. Rxb4 Bc5 41. Rb7+ Kg8 42. Nbc3 Rf2 43. Bh1 Rh2 44. Rb1 Bxe2 45. Nxe2 Rxa4 46. Bf3 Rf2 47. Rb3 Ra3 48. Rxa3 Bxa3 49. Bh1 Bc5 50. Kd3 Kf7 51. Kd2 Ke7 52. Kd3 Kf6 53. Kd2 g5 54. hxg5+ Kxg5 55. Ke1 Kg4 56. Nc1 Rh2 0-1

[Event "Douglas IoM Major op"]
[Site "Douglas"]
[Date "2017.09.29"]
[Round "5"]
[White "Mai, Alexander Oliver"]
[Black "Salewski, Bernd"]
[Result "1/2-1/2"]
[WhiteElo "1875"]
[BlackElo "1993"]
[PlyCount "28"]
[EventDate "2017.09.25"]
[EventType "swiss"]
[EventRounds "7"]
[EventCountry "IOM"]
[SourceTitle "CBM 181 Extra"]
[Source "ChessBase"]
[SourceDate "2017.12.12"]
[SourceVersion "1"]
[SourceVersionDate "2017.12.12"]
[SourceQuality "1"]

1. e4 d6 2. d4 Nf6 3. Nc3 Nbd7 4. Nf3 e5 5. Bc4 Be7 6. 0-0 c6 7. a4 a5 8. Re1 h6 9. b3 Qc7 10. Ba3 Nf8 11. Qe2 g5 12. dxe5 dxe5 13. Bxe7 Qxe7 14. Rad1 Ng6 1/2-1/2

[Event "London Classic op U2050-B 8th"]
[Site "London"]
[Date "2016.12.15"]
[Round "4"]
[White "Salewski, Bernd"]
[Black "Press, Harry"]
[Result "0-1"]
[WhiteElo "2029"]
[BlackElo "1826"]
[PlyCount "28"]
[EventDate "2016.12.12"]
[EventType "swiss"]
[EventRounds "5"]
[EventCountry "ENG"]
[SourceTitle "EXT 2019"]
[Source "ChessBase"]
[SourceDate "2018.10.10"]
[SourceVersion "1"]
[SourceVersionDate "2018.10.10"]
[SourceQuality "1"]

1. d4 Nf6 2. Nc3 d5 3. Bg5 Nbd7 4. f3 c6 5. e4 dxe4 6. fxe4 e5 7. dxe5 Qa5 8. Bxf6 gxf6 9. exf6 Ba3 10. bxa3 Qxc3+ 11. Kf2 Nxf6 12. Bd3 Qd4+ 13. Ke1 Ng4 14. Be2 Qc3+ 0-1

[Event "WchT Seniors 50"]
[Site "Radebeul"]
[Date "2016.06.27"]
[Round "2.3"]
[White "Salewski, Bernd"]
[Black "Hoffmann, Michael3333"]
[Result "1-0"]
[WhiteElo "2004"]
[BlackElo "1931"]
[PlyCount "39"]
[EventDate "2016.06.26"]
[EventType "team-swiss"]
[EventRounds "9"]
[EventCountry "GER"]
[SourceTitle "CBM 173 Extra"]
[Source "ChessBase"]
[SourceDate "2016.08.29"]
[SourceVersion "1"]
[SourceVersionDate "2016.08.29"]
[SourceQuality "1"]
[WhiteTeam "Dresden Gruen Weiss"]
[BlackTeam "Hannover"]
[WhiteTeamCountry "GER"]
[BlackTeamCountry "GER"]

1. d4 d5 2. Nc3 Nf6 3. Bg5 Nbd7 4. f3 c6 5. e4 dxe4 6. fxe4 e5 7. Nf3 Bd6 8. Qd2 h6 9. Bh4 0-0 10. 0-0-0 Qc7 11. dxe5 Bxe5 12. Nxe5 Qxe5 13. Bg3 Qa5 14. Kb1 Re8 15. Bd3 Ne5 16. Rhf1 Bg4 17. Rc1 Rad8 18. Bh4 Rd4 19. Rxf6 Ra4 20. Rf2 1-0

[Event "Erfurt op HT 23rd"]
[Site "Erfurt"]
[Date "2013.12.28"]
[Round "4"]
[White "Bohne, Alexander"]
[Black "Salewski, Bernd"]
[Result "1/2-1/2"]
[WhiteElo "1940"]
[BlackElo "2012"]
[PlyCount "23"]
[EventDate "2013.12.26"]
[EventType "swiss"]
[EventRounds "8"]
[EventCountry "GER"]
[SourceTitle "EXT 2016"]
[Source "ChessBase"]
[SourceDate "2015.10.08"]
[SourceVersion "1"]
[SourceVersionDate "2015.10.08"]
[SourceQuality "1"]

1. e4 e6 2. b3 d5 3. exd5 exd5 4. Nf3 Be7 5. Bb2 Bf6 6. Qe2+ Qe7 7. Bxf6 Nxf6 8. Nc3 Qxe2+ 9. Bxe2 a6 10. d4 Bf5 11. 0-0-0 0-0 12. Na4 1/2-1/2

[Event "Dresden ZMD op 22nd"]
[Site "Dresden"]
[Date "2013.08.15"]
[Round "6"]
[White "Gungl, Theo"]
[Black "Salewski, Bernd"]
[Result "1-0"]
[WhiteElo "1948"]
[BlackElo "2020"]
[PlyCount "49"]
[EventDate "2013.08.10"]
[EventType "swiss"]
[EventRounds "9"]
[EventCountry "GER"]
[SourceTitle "CBM 155 Extra"]
[Source "ChessBase"]
[SourceDate "2013.08.26"]
[SourceVersion "1"]
[SourceVersionDate "2013.08.26"]
[SourceQuality "1"]

1. e4 e6 2. d4 d5 3. Nd2 Nf6 4. e5 Nfd7 5. c3 c5 6. Bd3 Nc6 7. Ne2 cxd4 8. cxd4 f6 9. exf6 Nxf6 10. Nf3 Bd6 11. 0-0 Qc7 12. g3 0-0 13. Bf4 Bxf4 14. Nxf4 Ne4 15. Qe2 Rxf4 16. gxf4 Qxf4 17. Qe3 Qg4+ 18. Kh1 Nf6 19. Rg1 Qh5 20. Rg5 Qf7 21. Rag1 Nh5 22. Ne5 Nxe5 23. dxe5 Bd7 24. Qh3 Nf4 25. Qxh7+ 1-0

[Event "Oberliga Ost-A 1112"]
[Site "Germany"]
[Date "2012.01.14"]
[Round "6.4"]
[White "Rohne, Lars"]
[Black "Salewski, Bernd"]
[Result "1-0"]
[WhiteElo "2157"]
[BlackElo "2048"]
[PlyCount "47"]
[EventDate "2011.09.25"]
[EventType "team-tourn"]
[EventRounds "11"]
[EventCountry "GER"]
[SourceTitle "EXT 2013"]
[Source "ChessBase"]
[SourceDate "2012.11.22"]
[SourceVersion "1"]
[SourceVersionDate "2012.11.22"]
[SourceQuality "1"]
[WhiteTeam "Leipzig VfB"]
[BlackTeam "Naumburg"]
[WhiteTeamCountry "GER"]
[BlackTeamCountry "GER"]

1. e4 e6 2. d4 d5 3. Nc3 Bb4 4. exd5 exd5 5. Bd3 Nc6 6. a3 Ba5 7. Nge2 Bg4 8. f3 Be6 9. 0-0 Qf6 10. f4 Nge7 11. f5 Bd7 12. Be3 Bb6 13. Rf4 Ne5 14. Bf2 Nxd3 15. Qxd3 Bxf5 16. Qf3 Qe6 17. Ng3 g5 18. Rxf5 Nxf5 19. Re1 Qxe1+ 20. Bxe1 Nxd4 21. Qxd5 Nxc2+ 22. Bf2 Ne3 23. Qe5+ Kd7 24. Bxe3 1-0

[Event "Oberliga Ost-A 1112"]
[Site "Germany"]
[Date "2011.12.11"]
[Round "5.4"]
[White "Salewski, Bernd"]
[Black "Graf, Roland"]
[Result "0-1"]
[WhiteElo "2048"]
[BlackElo "2186"]
[PlyCount "44"]
[EventDate "2011.09.25"]
[EventType "team-tourn"]
[EventRounds "11"]
[EventCountry "GER"]
[SourceTitle "EXT 2013"]
[Source "ChessBase"]
[SourceDate "2012.11.22"]
[SourceVersion "1"]
[SourceVersionDate "2012.11.22"]
[SourceQuality "1"]
[WhiteTeam "Naumburg"]
[BlackTeam "Hoyerswerda"]
[WhiteTeamCountry "GER"]
[BlackTeamCountry "GER"]

1. d4 Nf6 2. Nc3 d5 3. Bg5 Nbd7 4. Qd3 g6 5. e4 dxe4 6. Nxe4 Bg7 7. 0-0-0 0-0 8. Nf3 c5 9. Bxf6 exf6 10. d5 f5 11. Nc3 a6 12. Kb1 b5 13. Re1 Bb7 14. Qd2 Nb6 15. d6 Qf6 16. Ne5 Rad8 17. d7 Bc6 18. Qe3 Nxd7 19. Nxd7 Rxd7 20. Qxc5 b4 21. Qxb4 Rb7 22. Qc5 Qxc3 0-1